000 00485nam a2200193Ia 4500
003 OSt
005 20230506120739.0
008 210210b2001 xxu||||| |||| 00| 0 eng d
040 _cAL
041 _aKonkani
082 _a491.465 NAYK
100 _aNAYK (Pratap).
_999345
245 _aKonkani barovnchi praman rit.
260 _aGova.
_bTomas Stivans Konkni Kendr Alt Parvari.,
_c2001
300 _a84
690 _aKonkani Grammar
_999346
906 _a057187
942 _2ddc
_cBK
999 _c104331
_d104331